000 01261nam a22002057a 4500
003 NALT
005 20251209103413.0
008 th tha d
040 _aNALT
041 _atha
050 _aGC 1023.81.T5
_bอ817อ
110 2 _aกรมอุทยานแห่งชาติ สัตว์ป่า และพันธุ์พืช
_936107
245 1 0 _aเอกสารนำเสนอ พื้นที่แหล่งอนุรักษ์ทะเลอันดามันเพื่อเสนอขึ้นทะเบียนเป็นแหล่งมรดกโลก /
_cกรมอุทยานแห่งชาติ สัตว์ป่า และพันธุ์พืช
260 _aกรุงเทพฯ :
_bกรมอุทยานแห่งชาติ สัตว์ป่า และพันธุ์พืช,
_cม.ป.ป.
300 _a118 หน้า :
_bภาพประกอบ, แผนที่, ตาราง ;
_c29 ซม.
651 4 _936108
_aการอนุรักษ์ธรรมชาติ
_zไทย
_zทะเลอันดามัน
850 _aNALT
942 _cGB
_2lcc
996 _asaiphon.d
_bCATSTF
_c2025-12-09
999 _c74430
_d74430
998 _j104
_k นางสาวสายฝน ดีงาม